Mission: Impossible: Movie Directors - Statistics

General Stats
  • This quiz has been taken 45 times
  • The average score is 4 of 5
Answer Stats
Answer % Correct
Christopher McQuarrie
92%
Brian De Palma
86%
John Woo
81%
Brad Bird
75%
J. J. Abrams
72%
No matching quizzes found
Score Distribution
Percent of People with Each Score
Percentile by Number Answered
Your Score History
You have not taken this quiz